000 00396nam a2200169Ia 4500
008 210210b1916 xxu||||| |||| 00| 0 eng d
041 _aeng
082 _a513/94
100 _aMERCER (J W)
245 _aCalculus for beginners
260 _aCambridge
_bAt the University Press
_c1916
650 _afor
650 _aCalculus
650 _abeginners
690 _aCalculus
906 _a007375
999 _c139812
_d139812